00649nam a2200241Ia 4500003000900000008004100009040001300050040001300063041000800076100002100084100000700105245001200112250001000124260001200134260000900146300001100155300001200166490000600178600001300184942000700197999001700204952018600221IT-RoPAU120407s9999 xx 000 0 und d aIT-RoPAU cIT-RoPAU afra aPie-Aymon Reggio cop aLa joie aParis aDu Cerf c1958 a106 p. c16,5 cm v1 a1. Gioia cBK c24185d24185 00102ddc406248_400000000000000_8471aPAULUSbPAULUSd2012-04-11l0o248.4.84r2012-04-11 00:00:00w2012-04-11yBKzInserito da: In data: n.d. fondo: Via A.Severo 56 Progr:19761